000 00714nam a2200241Ia 4500
003 OSt
005 20220924133303.0
006 a|||||r|||| 00| 0
007 ta
008 220923b |||||||| |||| 00| 0 ben d
020 _c125
024 _a263446
037 _bM/2008/24, 01/09/2008, Mukta Dhara
_cTextual
040 _aARTS
_cARTS
_bben
041 _2ben
_aben
082 _aO157,1M61:g, L4;P3
100 _aRay Satyandranath
_9206052
245 0 _aSahitya sanalochanay bankim chandra-o-Rabindranath
260 _c2003
650 _aBENGALI LITERATURE
942 _hO157,1M61:g, L4;P3
_cTEXL
_2CC
999 _c433260
_d433260